[Event "6th Dvorkovich Cup"]
[Site "Moscow RUS"]
[Date "2011.07.01"]
[Round "10.1"]
[White "Meribanov,V"]
[Black "Grigoryan,K2"]
[Result "0-1"]
[WhiteElo "2286"]
[BlackElo "2463"]

1.e4 c5 2.Nf3 e6 3.Nc3 Nc6 4.d4 cxd4 5.Nxd4 Qc7 6.Be3 a6 7.Bd3 Nf6 8.O-O Nxd4
9.Bxd4 Bc5 10.Bxf6 gxf6 11.Qg4 Be7 12.Kh1 b5 13.a4 b4 14.Ne2 Bb7 15.c3 bxc3
16.Nxc3 Kf8 17.Qh5 Kg7 18.Qg4+ Kf8 19.Qh5 Qf4 20.Ne2 Qg5 21.Qh3 Rg8 22.f4 Qg4
23.Qxg4 Rxg4 24.Rac1 Bd6 25.h3 Rg8 26.f5 Ke7 27.Nd4 Rab8 28.Rc2 Ba8 29.Nf3 Rb4
30.Re1 Rxa4 31.e5 fxe5 32.Nxe5 Rh4 33.Kg1 Rxh3 34.f6+ Kxf6 35.Rf2+ Ke7 36.Ng6+ hxg6
37.gxh3 Bc5 38.Bxa6 Rb8 39.Re2 f5 40.Kf1 Bxf2 41.Rxf2 Be4 42.h4 d5 43.Ke1 e5
44.Rh2 Ra8 45.Be2 Ra2 46.h5 gxh5 47.Bxh5 f4 48.Bg4 Kf6 49.Rd2 Ra1+ 50.Kf2 Rb1
51.Bd1 d4 52.Ke2 Ke6 53.Bb3+ Kd6 54.Bd1 Kc5 55.Kf2 Bg6 56.Be2 e4 57.Rc2+ Kd5
58.Bc4+ Ke5 59.b3  0-1

[Event "39th World Open"]
[Site "Philadelphia USA"]
[Date "2011.07.01"]
[Round "2"]
[White "Shabalov,A"]
[Black "Rosen,E"]
[Result "1-0"]
[WhiteElo "2586"]
[BlackElo "2216"]

1.e4 c5 2.Nf3 Nc6 3.d4 cxd4 4.Nxd4 e6 5.Nc3 Qc7 6.f4 a6 7.Nxc6 Qxc6 8.Bd3 b5
9.Qe2 Bb4 10.Bd2 Ne7 11.O-O-O Bb7 12.Kb1 Ba5 13.Qh5 Qc7 14.Rhf1 g6 15.Qg5 Rf8
16.f5 f6 17.Qh4 gxf5 18.exf5 Bxc3 19.Qh5+ Kd8 20.Qh6 Rf7 21.Bxc3 e5 22.Qd2 Qc6
23.Ba5+ Ke8 24.Be2 Rg7 25.Bh5+ Kf8 26.g4 d5 27.h4 Kg8 28.g5 Kh8 29.Bf3 Rf8
30.Bb4 Rd8 31.Bg2 Ng8 32.Rfe1 Rdd7 33.Bc3 Rge7 34.Qe2 e4 35.Qe3 Rg7 36.Bh3 Rd6
37.Rg1 Bc8 38.Bd4 Qe8 39.gxf6 Rf7 40.Qg3 Rdd7 41.Qg7+  1-0

[Event "7th A Ermaka Memorial"]
[Site "Zaporizhzhia UKR"]
[Date "2011.07.01"]
[Round "9.10"]
[White "Derevianchenko,I"]
[Black "Matjushin,O"]
[Result "1/2-1/2"]
[WhiteElo "2232"]
[BlackElo "2146"]

1.e4 c5 2.Nf3 e6 3.Nc3 Nc6 4.d4 cxd4 5.Nxd4 Nf6 6.Ndb5 Bb4 7.a3 Bxc3+ 8.Nxc3 d5
9.exd5 exd5 10.Bd3 O-O 11.O-O d4 12.Ne2 h6 13.b4 Qb6 14.b5 Ne5 15.Bb2 Nxd3
16.Qxd3 a6 17.Bxd4 Qxb5 18.Qxb5 axb5 19.Bxf6 gxf6 20.Nd4 Bd7 21.Rfb1 Rfc8
22.h3 Rc5 23.Rb3 Ra4 24.Rd1 Rac4 25.Kf1 Bc6 26.f3 h5 27.h4 Re5 28.Rb4 Rc3
29.Rd3 Rcc5 30.Kf2 Kh7 31.c3 Kg6  1/2-1/2

[Event "ch-BEL"]
[Site "Antwerp BEL"]
[Date "2011.07.02"]
[Round "1.5"]
[White "Popovic,Pe"]
[Black "Malakhatko,V"]
[Result "1/2-1/2"]
[WhiteElo "2489"]
[BlackElo "2548"]

1.e4 c5 2.Nf3 Nc6 3.d4 cxd4 4.Nxd4 e6 5.Nc3 Qc7 6.g3 a6 7.Bg2 h5 8.f4 h4
9.Nxc6 bxc6 10.e5 Rb8 11.Ne4 Qb6 12.g4 a5 13.b3 a4 14.Nd6+ Bxd6 15.Qxd6 Ba6
16.Kd1 Ne7 17.Ba3 Nc8 18.Qc5 h3 19.Be4 Qc7 20.Re1 Rb5 21.Qc3 Ne7 22.Kc1 Qa7
23.Qd2 c5 24.c4 Rb8 25.Qe3 Rc8 26.Rd1 Qc7 27.Rd6 Bb7 28.Kc2  1/2-1/2

[Event "38th ch-IND w Challengers"]
[Site "Chennai IND"]
[Date "2011.07.02"]
[Round "1"]
[White "Tejaswini,S"]
[Black "Bharathi,R"]
[Result "0-1"]
[WhiteElo "1690"]
[BlackElo "2117"]

1.e4 c5 2.Nf3 e6 3.d4 cxd4 4.Nxd4 Nc6 5.Nc3 a6 6.Be3 Qc7 7.Qd2 Nf6 8.Be2 Bb4
9.f3 O-O 10.a3 Be7 11.O-O b5 12.Kh1 Bb7 13.g4 Nxd4 14.Bxd4 e5 15.Be3 d5 16.exd5 Rad8
17.Bg5 Nxd5 18.Bxe7 Nxe7 19.Qe3 f5 20.Qg5 fxg4 21.Qxg4 Nf5 22.Qh5 Nd4 23.Rac1 Rf5
24.Qh3 Rdf8 25.Qg3 Nxe2 26.Nxe2 Rxf3 27.Rxf3 Rxf3 28.Qg1 Rf1+  0-1

[Event "Karvina Open"]
[Site "Karvina CZE"]
[Date "2011.07.02"]
[Round "1"]
[White "Urbanik,Lukas"]
[Black "Plat,V"]
[Result "0-1"]
[WhiteElo "1887"]
[BlackElo "2410"]

1.e4 c5 2.Nf3 e6 3.d4 cxd4 4.Nxd4 Nc6 5.Nc3 a6 6.Nxc6 bxc6 7.Qf3 d5 8.Bd3 Bd6
9.O-O Qc7 10.h3 Ne7 11.b3 Ng6 12.Bb2 O-O 13.Ne2 Bb7 14.exd5 cxd5 15.Nd4 e5
16.Nf5 e4 17.Qh5 f6 18.Be2 Nf4 19.Qg4 h5  0-1

[Event "2nd Big Slick IM"]
[Site "London ENG"]
[Date "2011.07.02"]
[Round "8"]
[White "Hegarty,S"]
[Black "Yurenok,M"]
[Result "1/2-1/2"]
[WhiteElo "2108"]
[BlackElo "2100"]

1.e4 c5 2.Nf3 e6 3.d4 cxd4 4.Nxd4 Nc6 5.Nc3 a6 6.Be3 Qc7 7.Bd3 Nf6 8.O-O Ne5
9.h3 b5 10.a3 Bb7 11.f4 Nc4 12.Bxc4 Qxc4 13.e5 Nd5 14.Nxd5 Qxd5 15.Qe2 Be7
16.Rad1 Qe4 17.Rd2 O-O 18.Nb3 Rac8 19.Rf2 Bh4 20.Rf1 Be7 21.Rf2 Bh4  1/2-1/2

[Event "51st Pacific Southwest Open"]
[Site "Los Angeles USA"]
[Date "2011.07.02"]
[Round "2"]
[White "Zhang,E"]
[Black "Peters,Ja"]
[Result "0-1"]
[WhiteElo "2011"]
[BlackElo "2377"]

1.e4 c5 2.Nf3 Nc6 3.d4 cxd4 4.Nxd4 e6 5.Nc3 a6 6.Nxc6 bxc6 7.Bd3 d6 8.O-O Nf6
9.Qe2 Be7 10.f4 e5 11.fxe5 dxe5 12.h3 O-O 13.Be3 a5 14.Rad1 a4 15.b3 axb3
16.axb3 Qa5 17.Na4 Be6 18.Qf2 Nd7 19.Qg3 Rfd8 20.Bd2 Qc7 21.Bc3 f6 22.Bd2 Kh8
23.Be3 Qa5 24.Bd2 Bb4 25.Qe1 Bxd2 26.Qxd2 Qc7 27.Qc3 Rac8 28.Rd2 Qa7+ 29.Kh1 Qd4
30.Ba6 Qxc3 31.Nxc3 Nc5 32.Rxd8+ Rxd8 33.Be2 Rd2 34.Bd1 Na6 35.Kg1 Nb4 36.Rf2 Rd8
37.Bf3 Kg8 38.Na4 Kf7 39.Nc5 Ra8 40.c3 Ra1+ 41.Rf1 Rxf1+ 42.Kxf1 Na2 43.c4 Nb4
44.Bd1 Ke7 45.Ke2 Kd6 46.Nd3 Na6 47.Kd2 f5 48.Bf3 g6 49.g4 fxg4 50.hxg4 h6
51.Kc3 c5 52.Bd1 Bd7 53.Be2 Nc7 54.Kd2 Ne6 55.Ke3 Bc6 56.Bd1 Ng5 57.Nf2 Bb7
58.Be2 Bc8 59.Bd1 Ne6 60.Nd3 Nd4 61.Nf2 Be6 62.Nd3 Bf7 63.Nf2 Ne6 64.Nh3 Kc6
65.Ng1 Nf4 66.Nf3 Kd6 67.Nh4 Ke6 68.Bc2 Kf6 69.Bd1 Be6 70.Kf2 Bd7 71.Ke3 Bc6
72.Bc2 Ne6 73.Nf3 Nd4 74.Bd1 Nxf3 75.Bxf3 Kg5 76.Be2 Kh4 77.Kf3 Bd7 78.Kg2 Bxg4
79.Bxg4 Kxg4 80.b4 cxb4 81.c5 b3 82.c6 b2 83.c7 b1=Q 84.c8=Q+ Kf4 85.Qf8+ Kxe4
86.Qa8+ Kd4 87.Qa7+ Ke4 88.Qa8+ Kf5 89.Qf8+ Kg4 90.Qf3+ Kg5 91.Qe3+ Kf6 92.Qxh6 Qe4+
93.Kg3 Qd3+ 94.Kf2 Kf5 95.Qf8+ Kg4 96.Qc8+ Qf5+  0-1

[Event "Nova College Chess Tournament"]
[Site "Haarlem NED"]
[Date "2011.07.03"]
[Round "5"]
[White "Haslinger,S"]
[Black "Admiraal,M"]
[Result "1/2-1/2"]
[WhiteElo "2548"]
[BlackElo "2246"]

1.e4 c5 2.Nf3 e6 3.d4 cxd4 4.Nxd4 Nc6 5.Nc3 Qc7 6.f4 a6 7.Nxc6 Qxc6 8.Bd3 b5
9.Qe2 Bb7 10.a3 Rc8 11.Be3 Nf6 12.O-O Bc5 13.Bxc5 Qxc5+ 14.Kh1 d6 15.e5 dxe5
16.fxe5 Nd7 17.Be4 Bc6 18.Rad1 O-O 19.Bxc6 Qxc6 20.Ne4 Rc7 21.Ng5 h6 22.Nf3 Qc4
23.Qf2 Qe4 24.Rd4 Qf5 25.g4 Qg6 26.c3 Nb6 27.Rg1 Rc4 28.g5 Rxd4 29.Qxd4 Nd5
30.gxh6 Qxh6 31.Ng5 Qh5 32.b3 Ne7 33.Qe4 Rd8 34.c4 bxc4 35.bxc4 g6 36.Qf4 Nf5
37.Ne4 Kg7 38.Nf6 Qe2 39.c5 Rd4 40.Qg5 Qf3+ 41.Qg2 Qxg2+ 42.Kxg2  1/2-1/2

[Event "XIX Open A"]
[Site "Montcada i Reixac ESP"]
[Date "2011.07.03"]
[Round "9"]
[White "Gonzalez Vidal,Y"]
[Black "Cruz,Cr"]
[Result "1-0"]
[WhiteElo "2504"]
[BlackElo "2477"]

1.e4 c5 2.Nf3 e6 3.d4 cxd4 4.Nxd4 Nc6 5.Nc3 Qc7 6.Be3 a6 7.Qd2 Nf6 8.O-O-O Be7
9.f3 d6 10.g4 h6 11.h4 Nxd4 12.Bxd4 b5 13.Bd3 b4 14.Na4 e5 15.Bb6 Qc6 16.b3 Rb8
17.Ba7 Rb7 18.Be3 Be6 19.g5 Nh5 20.gxh6 g6 21.Nb2 d5 22.exd5 Bxd5 23.Nc4 Bxf3
24.Nxe5 Qf6 25.Rhf1 Qxe5 26.Bd4 Qa5 27.Bxh8 Qxa2 28.Bb2 Bf6 29.Bxf6  1-0

[Event "6th Dvorkovich Cup"]
[Site "Moscow RUS"]
[Date "2011.07.03"]
[Round "14.13"]
[White "Eliseev,U"]
[Black "Kozganbayev,E"]
[Result "0-1"]
[WhiteElo "2433"]
[BlackElo "2271"]

1.e4 c5 2.Nf3 e6 3.d4 cxd4 4.Nxd4 Nc6 5.Nc3 Qc7 6.Be3 a6 7.Qd2 Nf6 8.f3 h5
9.O-O-O Be7 10.Qf2 d6 11.Kb1 b5 12.Nxc6 Qxc6 13.Ne2 e5 14.Nc3 Be6 15.Qd2 O-O
16.a3 Rfc8 17.Bg5 Rd8 18.Bd3 Rab8 19.Nd5 Bxd5 20.exd5 Qc7 21.Bxf6 Bxf6 22.Be4 Qe7
23.Qa5 Qa7 24.g4 h4 25.Qd2 Qe7 26.Qa5 Ra8 27.Rd3 Bg5 28.Rc3 Bd2 29.Rc7 Bxa5
30.Rxe7 Bb6 31.Rb7 Bc5 32.h3 Ra7 33.Rxa7 Bxa7 34.c4 bxc4 35.Rc1 Rb8 36.Rxc4 a5
37.Kc2 g6 38.b4 axb4 39.axb4 Kg7 40.Rc6 Rxb4 41.Rxd6 Be3 42.Rd7 Rd4 43.Kc3 Kf6
44.Kb3 Rd2 45.Kc4 Rb2 46.Rc7 Rb6 47.Kd3 Bf2 48.g5+ Kg7 49.Re7 Bg3 50.Kc4 Bf4
51.Rd7 Bxg5 52.d6 Kh6 53.Kd5 f5 54.Bd3 Bf6 55.Ke6 Kg5 56.Rf7 Bd8 57.Rf8 Bc7
58.Bc4 Rxd6+ 59.Ke7 Rd4  0-1

[Event "6th Dvorkovich Cup"]
[Site "Moscow RUS"]
[Date "2011.07.03"]
[Round "14.1"]
[White "Meribanov,V"]
[Black "Bernadskiy,V"]
[Result "1/2-1/2"]
[WhiteElo "2286"]
[BlackElo "2435"]

1.e4 c5 2.Nf3 Nc6 3.Nc3 e6 4.d4 cxd4 5.Nxd4 Qc7 6.Be3 a6 7.Bd3 Nf6 8.O-O b5
9.Kh1 h5 10.f4 Ng4 11.Bg1 g5 12.Be2 b4 13.Na4 gxf4 14.Nxc6 Qxc6 15.Nb6 Rb8
16.Nxc8 Rxc8 17.Bxg4 hxg4 18.Rxf4 g3 19.Qf3 Qxc2 20.Rxf7 Qxb2 21.Rd1 Be7
22.h3 Rc4 23.Rxe7+ Kxe7 24.Qd3 d5 25.exd5 Qc3 26.Qe2 e5 27.Rd3 Qa1 28.Rd1 Qc3
29.Rd3 Qa1 30.Rxg3 Rc1 31.Qe3 Rxg1+ 32.Qxg1 Qxg1+ 33.Kxg1 a5 34.Rg7+ Kd6
35.Ra7 Rf8 36.Rxa5 e4 37.Rb5 e3 38.Rxb4 Kxd5 39.Rb1 Kd4 40.Rf1 e2 41.Rxf8 e1=Q+
42.Rf1 Qe3+ 43.Kh1 Qe2 44.Rf4+ Ke5 45.Rf3 Qxa2 46.h4 Ke4 47.h5 Qa1+ 48.Kh2 Qe5+
49.Kg1 Qxh5 50.Rh3 Qd1+ 51.Kh2 Kf4 52.Rf3+ Kg4 53.Rh3 Qd6+ 54.Kh1 Qe5 55.Rf3 Qe1+
56.Kh2 Qh4+ 57.Kg1 Qd8 58.Kh2 Qd1 59.Rh3 Qd6+ 60.Kg1 Qb6+ 61.Kh2 Qc7+ 62.Kh1 Kf4
63.Rf3+ Ke4 64.Kg1 Qc1+ 65.Kh2 Qh6+ 66.Kg1 Qa6 67.Kh2 Qd6+ 68.Kg1 Qc5+ 69.Kh2 Qc1
70.Rh3 Kf4 71.Rf3+ Kg4 72.Rg3+ Kf5 73.Rf3+ Ke4 74.Rh3 Qc7+ 75.Kg1 Kf4 76.Rf3+ Kg4
77.Kh1 Qc1+ 78.Kh2 Qh6+ 79.Kg1 Qb6+ 80.Kh2 Qb1 81.Rg3+  1/2-1/2

[Event "39th World Open"]
[Site "Philadelphia USA"]
[Date "2011.07.03"]
[Round "7"]
[White "Smirin,I"]
[Black "Zapata,Alo"]
[Result "1-0"]
[WhiteElo "2661"]
[BlackElo "2477"]

1.e4 c5 2.Nf3 e6 3.d4 cxd4 4.Nxd4 Nc6 5.Nc3 Qc7 6.f4 a6 7.Be3 b5 8.Bd3 Bb7
9.Nb3 d6 10.a4 b4 11.Nb1 Nf6 12.N1d2 Be7 13.O-O e5 14.Nc4 exf4 15.Rxf4 O-O
16.Nb6 Rae8 17.Nd5 Nxd5 18.exd5 Ne5 19.Rxb4 Bf6 20.Bb6 Qc8 21.c3 Qa8 22.Be4 Nd7
23.a5 Rxe4 24.Rxe4 Bxd5 25.Re2 Nxb6 26.axb6 Bd8 27.Nd4 Bxb6 28.Kh1 g6 29.Qa4 Qc8
30.Rae1 Kg7 31.Qd1 Qb7 32.Qd2 Bd8 33.c4 Bc6 34.Qf4 Qb6 35.Qxd6 Bxg2+ 36.Rxg2  1-0

[Event "ch-BEL Open"]
[Site "Antwerp BEL"]
[Date "2011.07.04"]
[Round "3.7"]
[White "T'sas,J"]
[Black "Van den Brande,W"]
[Result "1/2-1/2"]
[WhiteElo "1979"]
[BlackElo "2237"]

1.e4 c5 2.Nf3 e6 3.d4 cxd4 4.Nxd4 Nc6 5.Nc3 Qc7 6.Be2 a6 7.O-O Nf6 8.Be3 Bb4
9.f3 O-O 10.Nxc6 bxc6 11.Kh1 d5 12.Na4 Rb8 13.Nc5 Rd8 14.Nxa6 Bxa6 15.Bxa6 dxe4
16.Qe2 Bd6 17.fxe4 Bxh2 18.Bg5 Be5 19.c3 c5 20.a4 Rd6 21.Bc4 Rdb6 22.Bb5 h6
23.Bxf6  1/2-1/2

[Event "ch-NED Women"]
[Site "Boxtel NED"]
[Date "2011.07.04"]
[Round "9"]
[White "Volkers,A"]
[Black "Haast,A"]
[Result "1/2-1/2"]
[WhiteElo "2046"]
[BlackElo "2221"]

1.e4 c5 2.Nf3 e6 3.d4 cxd4 4.Nxd4 Nc6 5.Nc3 Qc7 6.g3 a6 7.Bg2 d6 8.O-O Bd7
9.Re1 Be7 10.Nb3 Nf6 11.a4 b6 12.f4 Rd8 13.g4 h6 14.Qe2 Bc8 15.h3 O-O 16.Be3 Nd7
17.Qf2 Bb7 18.Rad1 Nc5 19.Nc1 Bf6 20.N1e2 Rfe8 21.h4 g6 22.g5 hxg5 23.hxg5 Bg7  1/2-1/2

[Event "39th World Open"]
[Site "Philadelphia USA"]
[Date "2011.07.04"]
[Round "8"]
[White "Gorman,D"]
[Black "Calugar,A"]
[Result "0-1"]
[WhiteElo "2324"]
[BlackElo "2210"]

1.e4 c5 2.Nf3 Nc6 3.d4 cxd4 4.Nxd4 e6 5.Nc3 Qc7 6.f4 Bc5 7.Ndb5 Qb6 8.Nd6+ Ke7
9.Nc4 Bf2+ 10.Ke2 Qd4 11.Ne3 Qxd1+ 12.Ncxd1 Bxe3 13.Bxe3 d6 14.Nc3 b6 15.g4 Bb7
16.Bg2 h6 17.h4 Nf6 18.Bf3 Nd7 19.Rad1 Rac8 20.Rh2 Na5 21.Ke1 Nc4 22.Bc1 Nf6
23.Re2 Na3 24.Kf2 Ba6 25.e5 dxe5 26.fxe5 Nd7 27.b3 Nb5 28.Nxb5 Bxb5 29.c4 Bc6
30.Ba3+ Ke8 31.Bxc6 Rxc6 32.Red2 Rc7 33.Bd6 Rc8 34.Ke3 f6 35.Ke4 h5 36.g5 fxg5
37.hxg5 g6 38.Rf1 Rh7 39.Rdf2 a5 40.Kd4 h4 41.Rf4 h3 42.Rh1 Nc5 43.Rf6 h2
44.Rxg6 Rh3 45.Bxc5 bxc5+ 46.Ke4 Ke7 47.Rh6 Rh8 48.Rxh8 Rxh8 49.Kf4 Kf7 50.Kg3 Kg6
51.Rxh2 Rxh2 52.Kxh2 Kxg5 53.Kg3 Kf5 54.Kf3 Kxe5 55.Ke3 Kf5 56.Kf3 e5 57.Ke3 e4
58.Ke2 Kf4 59.Kf2 e3+ 60.Ke2 Ke4 61.Ke1 Kf3 62.Kf1 e2+ 63.Ke1 Ke3 64.a3 Kd3  0-1

[Event "39th World Open"]
[Site "Philadelphia USA"]
[Date "2011.07.04"]
[Round "9"]
[White "Ly,Mo"]
[Black "Krush,I"]
[Result "0-1"]
[WhiteElo "2375"]
[BlackElo "2469"]

1.e4 c5 2.Nf3 e6 3.d4 cxd4 4.Nxd4 Nc6 5.Nc3 Qc7 6.Be3 a6 7.Bd3 Nf6 8.O-O Nxd4
9.Bxd4 Bc5 10.Bxc5 Qxc5 11.Kh1 d6 12.f4 e5 13.Qe1 O-O 14.a4 exf4 15.Rxf4 Qe5
16.Qd2 Be6 17.Raf1 Nd7 18.b3 Qa5 19.Bc4 Bxc4 20.bxc4 Ne5 21.Rh4 Rac8 22.Rh3 Rxc4
23.Qe3 Qc5 24.Qg3 Ng6 25.Nd5 Rxe4  0-1

[Event "2nd Borloy Mem FSGM"]
[Site "Budapest HUN"]
[Date "2011.07.05"]
[Round "4.5"]
[White "Feher,Ad"]
[Black "Mihok,O"]
[Result "0-1"]
[WhiteElo "2323"]
[BlackElo "2457"]

1.e4 c5 2.Nf3 Nc6 3.d4 cxd4 4.Nxd4 e6 5.Nc3 Qc7 6.Be2 a6 7.O-O Nf6 8.Be3 Be7
9.f4 d6 10.Kh1 O-O 11.a4 Re8 12.Bf3 Bf8 13.Nb3 b6 14.g4 Bb7 15.g5 Nd7 16.Bg2 Nc5
17.Rf3 Nb4 18.Rh3 g6 19.Qd2 Rad8 20.Qf2 d5 21.Bd4 Nxb3 22.Bf6 h5 23.gxh6 Kh7
24.cxb3 d4 25.Ne2 d3 26.Nd4 Be7 27.Bxe7 Qxe7 28.Nf3 f6 29.e5 Bxf3 30.Rxf3 Qc5
31.exf6 Qxf2 32.Rxf2 Rf8 33.Rd1 Rxf6 34.Kg1 Rd4 35.Bf1 Kxh6 36.Rf3 Rf8 37.Re3 Rd6
38.Bh3 Rxf4 39.Bxe6 Kg7 40.Bh3 Kf6 41.Bf1 Rfd4 42.Kf2 a5 43.Rd2 g5 44.Kg3 Kf5
45.Bh3+ Kf6 46.Bf1 R6d5 47.Bh3 Re5 48.Rf3+ Rf4 49.Bf1 Rxf3+ 50.Kxf3 Rf5+
51.Kg2 Rd5 52.Kf2 Rd4 53.Ke3 Nc2+ 54.Kf2 Rf4+ 55.Kg1 Ne1 56.Rd1 d2 57.Be2 Rd4
58.Kf2 Ke5 59.Bh5 Nd3+ 60.Ke3 Nf4 61.Bf3 Rd3+ 62.Kf2 Kd4 63.Be2 Nd5 64.Rg1 Rxb3
65.Rxg5 Ne3 66.Rg8 d1=N+  0-1

[Event "1st ch-CHN Rapid Men Prelim"]
[Site "Hefei CHN"]
[Date "2011.07.05"]
[Round "9.2"]
[White "Wang Yue"]
[Black "Yu Yangyi"]
[Result "1/2-1/2"]
[WhiteElo "2709"]
[BlackElo "2672"]

1.e4 c5 2.Nf3 e6 3.d4 cxd4 4.Nxd4 Nc6 5.Nc3 Qc7 6.Be3 a6 7.Qd2 Nf6 8.O-O-O Bb4
9.f3 Ne5 10.Nb3 b5 11.Qe1 Rb8 12.Qg3 O-O 13.Bd4 Bd6 14.f4 Nh5 15.fxe5 Nxg3
16.exd6 Qxd6 17.hxg3 Qxg3 18.Rh3 Qg5+ 19.Be3 Qd8 20.e5 Bb7 21.Nc5 Bc6 22.Bd3 h6
23.N3e4 f5 24.exf6 Rxf6 25.Nxf6+ Qxf6 26.g4 Qe5 27.g5 d6 28.gxh6 dxc5 29.Rg1 c4
30.Rxg7+ Kh8 31.Rh7+ Kg8 32.Rg7+ Kh8 33.Rg5 Qd6 34.Be2 Rg8 35.Rxg8+ Kxg8
36.h7+ Kh8 37.Bd2 e5 38.Rh6 Qc5 39.b4 cxb3 40.axb3 Be4 41.Bd1 Qa3+ 42.Kb1 Qxb3+
43.Kc1 Qa3+ 44.Kb1 Bd5 45.Bg5 Ba2+ 46.Ka1 Bg8+ 47.Kb1 Ba2+  1/2-1/2

[Event "1st Crakow Closed GM"]
[Site "Krakow POL"]
[Date "2011.07.05"]
[Round "3.3"]
[White "Mista,A"]
[Black "Fauland,A"]
[Result "1-0"]
[WhiteElo "2564"]
[BlackElo "2477"]

1.e4 c5 2.Nf3 e6 3.d4 cxd4 4.Nxd4 Nc6 5.Nc3 Qc7 6.Be2 a6 7.O-O Nf6 8.Be3 Bb4
9.Na4 Be7 10.Nxc6 bxc6 11.Nb6 Rb8 12.Nxc8 Qxc8 13.Bd4 Qc7 14.e5 Nd5 15.c4 Nf4
16.Bf3 O-O 17.g3 Nh3+ 18.Kh1 f6 19.exf6 Bxf6 20.Bg2 Bxd4 21.Qxd4 Ng5 22.f4 Nf7
23.b3 c5 24.Qd3 Nh6 25.Rad1 Rf7 26.Be4 Nf5 27.g4 Nd4 28.Bxh7+ Kf8 29.Bg6 Rf6
30.g5 Rxg6 31.Qxg6 Qc6+ 32.Kg1 Nf3+ 33.Kf2 Nxh2 34.Qh5 Nxf1 35.Qh8+ Ke7 36.Qxb8 Nh2
37.Rd3 Qe4 38.Qd6+ Kf7 39.Qxd7+ Kg6 40.Qe8+ Kf5 41.Qf7+ Kg4 42.Rg3+ Kh4 43.Rh3+  1-0

[Event "86th ch-Paris IdF"]
[Site "Paris FRA"]
[Date "2011.07.05"]
[Round "4.5"]
[White "Dourerassou,J"]
[Black "Felgaer,R"]
[Result "0-1"]
[WhiteElo "2413"]
[BlackElo "2573"]

1.e4 c5 2.Nf3 Nc6 3.d4 cxd4 4.Nxd4 e6 5.Nc3 a6 6.Be3 Nf6 7.Bd3 d5 8.exd5 exd5
9.Qe2 Be7 10.Nxc6 bxc6 11.Bc5 Be6 12.Bxe7 Qxe7 13.O-O O-O 14.Na4 Rfe8 15.Qd2 c5
16.Rfe1 Qc7 17.h3 Bd7 18.Nc3 Bc6 19.b3 d4 20.Ne2 Qb7 21.Qg5 h6 22.Qg3 Ne4
23.Qf4 Re6 24.Ng3 Rf6 25.Nf5 g5 26.Qf3 Re8 27.Re2 Re5 28.g4 Rfxf5 29.gxf5 Nc3
30.Qh5 Nxe2+ 31.Bxe2 Rxf5 32.Qxh6 Be4 33.Bxa6 Qc7 34.Bd3 Bxd3 35.cxd3 Qf4
36.Rf1 Qf3 37.Qd6 Qxd3 38.Qg3 Qe2 39.h4 d3 40.Qb8+ Kg7 41.h5 d2 42.h6+ Kh7
43.Qd6 Qg4+ 44.Kh2 Rf3  0-1

[Event "XXVI Tadeusza Gniota"]
[Site "Police POL"]
[Date "2011.07.05"]
[Round "1.19"]
[White "Makukins,Maksims"]
[Black "Maes,W"]
[Result "0-1"]
[WhiteElo "1638"]
[BlackElo "2245"]

1.e4 c5 2.Nf3 e6 3.d4 cxd4 4.Nxd4 Nc6 5.Nc3 Qc7 6.Nxc6 bxc6 7.Qe2 Nf6 8.e5 Nd5
9.Nxd5 cxd5 10.c3 a5 11.Bf4 Bc5 12.Qc2 f6 13.O-O-O fxe5 14.Bg3 d6 15.Bb5+ Bd7
16.Bxd7+ Qxd7 17.Rhe1 O-O 18.f3 Rab8 19.Bf2 Rfc8 20.Bxc5 Rxc5 21.Qb1 d4 22.Qd3 Qa4
23.Rd2 Qxa2 24.Kd1 Rxb2 25.Rxb2 Qxb2 26.Re2 Qa1+ 27.Kd2 Rxc3 28.Qb5 Qc1+  0-1

[Event "Lev Polugaevsky Mem"]
[Site "Samara RUS"]
[Date "2011.07.05"]
[Round "1"]
[White "Melnikov,S"]
[Black "Kharlov,A"]
[Result "0-1"]
[WhiteElo "2063"]
[BlackElo "2532"]

1.e4 c5 2.Nf3 e6 3.d4 cxd4 4.Nxd4 Nc6 5.Nc3 Qc7 6.g3 a6 7.Bg2 Nf6 8.O-O Be7
9.Re1 d6 10.Nxc6 bxc6 11.e5 dxe5 12.Rxe5 O-O 13.Re1 Rd8 14.Qe2 Nd5 15.Ne4 a5
16.c4 Ba6 17.a3 Nb6 18.b3 a4 19.Bb2 axb3 20.Qg4 e5 21.Nd2 Rxd2 22.Bxe5 Qxe5
23.Rxe5 Bf6 24.Ree1 Bxa1 25.Bxc6 Bd4 26.Bxa8 Bxf2+ 27.Kf1 g6 28.Rd1 Bxc4+
29.Kg2 Ra2 30.Qe4 Bc5+ 31.Kh3 Be6+ 32.g4 Be7 33.Qb7 Bf6 34.Qxb6 Be5 35.Qd8+ Kg7
36.Rd2 h5 37.Be4 hxg4+ 38.Kg2 Bf6 39.Qd6 Bg5 40.Qd4+ Bf6 41.Qd6 Bg5 42.Rf2 Bh4
43.Qd4+ Kg8 44.Rxa2 bxa2 45.Qb2 Be7 46.a4 Kh7 47.a5 Bf8 48.Bb1 Bg7 49.Qxa2 Bxa2
50.Bxa2 f5 51.a6 Bd4 52.Be6 Kh6 53.Bd5 Kg5 54.Bf7 Ba7 55.Bd5 Kh4 56.Bc4 f4
57.Bb5 f3+ 58.Kh1 g3 59.hxg3+ Kxg3  0-1

[Event "6th Polonia Wroclaw Open A"]
[Site "Wroclaw POL"]
[Date "2011.07.05"]
[Round "3"]
[White "White,J USA"]
[Black "Iwanow,A"]
[Result "0-1"]
[WhiteElo "1925"]
[BlackElo "2162"]

1.e4 c5 2.Nf3 e6 3.d4 cxd4 4.Nxd4 Nc6 5.Nc3 Qc7 6.Be3 Nf6 7.Qd2 a6 8.O-O-O Be7
9.f3 h5 10.Kb1 b5 11.Nxc6 dxc6 12.h4 Bb7 13.Bf4 e5 14.Bg5 Rd8 15.Qe1 Rxd1+
16.Nxd1 c5 17.Ne3 g6 18.c4 Bc6 19.Bxf6 Bxf6 20.Nd5 Bxd5 21.cxd5 c4 22.Qd2 Qb6
23.g3 Bg7 24.Bh3 Bh6 25.Qe2 Be3 26.f4 Bd4 27.fxe5 Bxe5 28.g4 Qc5 29.gxh5 Rxh5
30.Bg4 Rh8 31.d6 Bxd6 32.h5 Be5 33.Rd1 gxh5 34.Bxh5 c3 35.Rc1 Qb4 36.Rc2 Ke7
37.Qf3 f6 38.Bg4 cxb2 39.a3 Qe1+ 40.Qd1 Rh1  0-1

[Event "Karvina Open"]
[Site "Karvina CZE"]
[Date "2011.07.06"]
[Round "5.30"]
[White "Lojek,Marek"]
[Black "Soltau,A"]
[Result "0-1"]
[WhiteElo "1680"]
[BlackElo "1995"]

1.e4 c5 2.Nf3 e6 3.d4 cxd4 4.Nxd4 Nc6 5.Nc3 Qc7 6.Be3 a6 7.Be2 Nf6 8.O-O Bb4
9.f3 O-O 10.Nb3 Na5 11.Qd4 Nc6 12.Qd1 b5 13.a3 Be7 14.Qe1 Ne5 15.f4 Neg4
16.Bxg4 Nxg4 17.h3 Nxe3 18.Qxe3 Qa7 19.Qxa7 Rxa7 20.Rad1 Rc7 21.Rd3 b4 22.axb4 Bxb4
23.Rfd1 Bxc3 24.Rxc3 Rxc3 25.bxc3 Bb7 26.Nc5 Bc6 27.e5 Ra8 28.Nxd7 Bxd7 29.Rxd7 a5
30.Rd1 g5 31.fxg5 Kg7 32.h4 Rc8 33.Rd3 Rc5 34.Re3 a4 35.Kf2 a3 36.c4 Rxc4
37.Rxa3 Rxh4 38.Re3 Rc4 39.c3 Kg6 40.Rf3 Rc5 41.Rg3 Rxe5 42.Kf3 Rxg5 43.Rxg5+ Kxg5
44.Ke4 Kf6 45.g4 Ke7 46.c4 h6 47.Ke3 Kd6 48.Kd4 e5+ 49.Kc3 Kc5 50.Kd3 f6
51.Kc3 e4  0-1

[Event "9th Niki Open"]
[Site "Nachod CZE"]
[Date "2011.07.06"]
[Round "5.38"]
[White "Vacek,Jaroslav"]
[Black "Kosar,Matej"]
[Result "1/2-1/2"]
[WhiteElo "1684"]
[BlackElo "1723"]

1.e4 c5 2.Nf3 e6 3.d4 cxd4 4.Nxd4 Nc6 5.Nc3 Nf6 6.a3 a6 7.Be2 Bc5 8.Be3 Ba7
9.Nxc6 bxc6 10.Bxa7 Rxa7 11.Qd4 Qc7 12.e5 Nd5 13.Nxd5 cxd5 14.O-O O-O 15.c4 dxc4
16.Bxc4 Rd8 17.Rac1 Qb8 18.Rfd1 Bb7 19.Rc3 Bc6 20.b3 Bb5 21.a4 Bxc4 22.bxc4 Rb7
23.f4 Rb1 24.Rd3 Rxd1+ 25.Rxd1 Qb4 26.c5 Qa5 27.c6 Qc7 28.cxd7 Kf8 29.Qb4+ Kg8
30.Qe7 Qb8 31.Qd6 Qxd6 32.Rxd6 Kf8 33.a5 Ke7 34.Rxa6 Rxd7 35.Rb6 Ra7 36.a6 Kd7
37.Kf2 Kc7 38.Rd6 Ra8 39.g4 Rb8 40.Ke3 Rb6 41.a7 Rb3+ 42.Kd2 Ra3 43.h4 Rxa7
44.Ke3 Ra3+ 45.Rd3 Rxd3+ 46.Kxd3 Kb6 47.Kc4 Kc6 48.Kd4 Kb5 49.Kc3 Kc5 50.Kd3 Kd5
51.Ke3 f6 52.exf6 gxf6 53.Kf3 f5 54.g5 e5 55.fxe5 Kxe5 56.h5 f4 57.g6 hxg6  1/2-1/2

[Event "ch-CAN Youth U18"]
[Site "Richmond Hill CAN"]
[Date "2011.07.06"]
[Round "1"]
[White "Kagramanov,Da"]
[Black "Calugar,A"]
[Result "0-1"]
[WhiteElo "1862"]
[BlackElo "2247"]

1.e4 c5 2.Nf3 e6 3.d4 cxd4 4.Nxd4 Nc6 5.Nc3 Qc7 6.Be2 a6 7.f4 Bc5 8.Nb3 Ba7
9.Bf3 Nge7 10.Ne2 O-O 11.c3 d5 12.Nbd4 dxe4 13.Bxe4 Rd8 14.Qc2 f5 15.Bxc6 Nxc6
16.Nf3 Nb4 17.Qb3 Nd3+ 18.Kf1 Kh8 19.Ne1 Nxc1 20.Rxc1 Qc5 21.Nd4 Rxd4 22.cxd4 Qxc1
23.Qb4 Bd7 24.Qxb7 Bb5+ 25.Kf2 Qxf4+  0-1

[Event "Lev Polugaevsky Mem"]
[Site "Samara RUS"]
[Date "2011.07.06"]
[Round "2"]
[White "Lastin,A"]
[Black "Zaynutdinov,I"]
[Result "1-0"]
[WhiteElo "2611"]
[BlackElo "1973"]

1.e4 c5 2.Nf3 e6 3.Nc3 Nc6 4.d4 cxd4 5.Nxd4 d6 6.Be3 Nf6 7.f4 Be7 8.Qf3 Nxd4
9.Bxd4 a6 10.O-O-O Qc7 11.Bd3 O-O 12.e5 Nd7 13.Qe4 g6 14.h4 d5 15.Qe3 Bc5
16.Ne2 Bxd4 17.Nxd4 Nc5 18.h5 Nxd3+ 19.Rxd3 b5 20.Qh3 Qd7 21.Rg3 Ra7 22.Nf3 Rc7
23.Nh2 b4 24.Ng4 Qa4 25.Nf6+ Kh8 26.Rb3 Qc6 27.c3 Qc4 28.hxg6 Qxf4+ 29.Kd1  1-0

[Event "Asian Zonal 3.1 Women"]
[Site "Sharjah UAE"]
[Date "2011.07.06"]
[Round "2"]
[White "Iman,H"]
[Black "Mir Mahmoud,A"]
[Result "1-0"]
[WhiteElo "2160"]
[BlackElo "1993"]

1.e4 c5 2.Nf3 e6 3.d4 cxd4 4.Nxd4 Nc6 5.Nc3 Qc7 6.g3 a6 7.Bg2 Nf6 8.O-O Be7
9.Nde2 d6 10.Bf4 O-O 11.Qd2 Rb8 12.a4 b6 13.h3 Bb7 14.g4 Nd7 15.Rad1 Nce5
16.b3 Rbc8 17.Bg3 Rfe8 18.f4 Nc6 19.g5 Bf8 20.h4 g6 21.f5 Nde5 22.h5 b5 23.axb5 axb5
24.Nxb5 Qb6+ 25.Nbd4 Ba6 26.Bf2 Ng4 27.Nxc6 Nxf2 28.Rxf2 Rxc6 29.hxg6 fxg6
30.Nd4 Rc5 31.Nxe6 Re5 32.Nxf8 Rxf8 33.Qxd6 Qb5 34.Rd5 Rxd5 35.Qxd5+ Qxd5
36.exd5 gxf5 37.c4 Kg7 38.d6 Kg6 39.d7  1-0

[Event "ch-BEL"]
[Site "Antwerp BEL"]
[Date "2011.07.07"]
[Round "6.3"]
[White "Vandenbussche,T"]
[Black "Malakhatko,V"]
[Result "1-0"]
[WhiteElo "2348"]
[BlackElo "2548"]

1.e4 c5 2.Nf3 e6 3.d4 cxd4 4.Nxd4 Nc6 5.Nc3 Qc7 6.Be3 a6 7.Qf3 Nxd4 8.Bxd4 Ne7
9.Qe3 b5 10.O-O-O d6 11.Bb6 Qc6 12.Bxb5 axb5 13.Rxd6 Qxd6 14.Nxb5 Qe5 15.Nc7+ Kd7
16.Rd1+ Kc6 17.Nxa8 Ng6 18.Qb3 Qb5 19.Qc3+ Bc5 20.e5 Kb7 21.Bxc5 Kxa8 22.Rd6 Bb7
23.Qa3+ Kb8 24.Rd3 Nxe5 25.Bd6+ Kc8 26.Qc3+ Nc6 27.Qxg7 Rd8 28.Qxf7 Rd7 29.Qxe6 Nd8
30.Qe1 Bd5 31.a4 Qb7 32.Rc3+ Bc6 33.Qe5 Nf7 34.Qe8+ Nd8 35.Bf4 Qb6 36.Qe5 Nf7
37.Rxc6+  1-0